000 00336 a2200157 4500
001 175342
020 _a85-345-0533-0
040 _cMagnum
100 _aSilva, Luiz Carlos
240 1 0 _aGeografia 7
_lpor
245 1 0 _aGeografia 7
300 _a176
362 0 _a1998
697 _aHISTÓRIA - GEOGRAFIA - BIOGRAFIAS
942 _cBK
999 _c175342
_d175342